The Friendship Connection: (Record no. 11098)

MARC details
000 -LEADER
fixed length control field 00670nam a2200241 a 4500
001 - CONTROL NUMBER
control field 0001-1098
003 - CONTROL NUMBER IDENTIFIER
control field ELIB.Books
008 - FIXED-LENGTH DATA ELEMENTS--GENERAL INFORMATION
fixed length control field 150116 2010 eng
020 ## - INTERNATIONAL STANDARD BOOK NUMBER
International Standard Book Number 0842312439
035 ## - SYSTEM CONTROL NUMBER
System control number (ELIB.Books)0001-1253
092 ## - LOCALLY ASSIGNED DEWEY CALL NUMBER (OCLC)
Classification number 253.5
Item number Joh
100 ## - MAIN ENTRY--PERSONAL NAME
Personal name Jones, Thimothy
245 ## - TITLE STATEMENT
Title The Friendship Connection:
Remainder of title How Mentors and Friends can Make your Faith Strong
260 ## - PUBLICATION, DISTRIBUTION, ETC. (IMPRINT)
Place of publication, distribution, etc. Wheaton
Name of publisher, distributor, etc. Tyndale House Publishers, Inc.
Date of publication, distribution, etc. 1993
300 ## - PHYSICAL DESCRIPTION
Extent 141
Dimensions 21 Cm
500 ## - GENERAL NOTE
General note C/o Moe Lwai
650 ## - SUBJECT ADDED ENTRY--TOPICAL TERM
Topical term or geographic name as entry element Pastoral Theology
856 ## - ELECTRONIC LOCATION AND ACCESS
Name of location of host KBTS; Library
Uniform Resource Identifier <a href="KBTS; Elib.">KBTS; Elib.</a>
942 ## - ADDED ENTRY ELEMENTS (KOHA)
Source of classification or shelving scheme Dewey Decimal Classification
Koha item type Books
990 ## - EQUIVALENCES OR CROSS-REFERENCES [LOCAL, CANADA]
Link information for 9XX fields 1
998 ## - LOCAL CONTROL INFORMATION (RLIN)
Cataloger's initials, CIN (RLIN) bat
-- 2015-01-16
Holdings
Withdrawn status Lost status Source of classification or shelving scheme Damaged status Not for loan Home library Current library Date acquired Total Checkouts Barcode Date last seen Bill Date Koha item type
    Dewey Decimal Classification     Karen Baptist Theological Seminary Library Karen Baptist Theological Seminary Library 16/01/2015   15300 22/01/2022 22/01/2022 Books
Implemented & Customized by: BestBookBuddies

Powered by Koha